[Event "AUTO-INT-1517"]
[Site "http://www.queenalice.com/game.php?id=683527"]
[Date "2009.11.15"]
[Round "1"]
[White "Adilson22"]
[Black "PedroAntonio"]
[Result "0-1"]
[WhiteElo "1537"]
[BlackElo "1449"]

1. e4 e5 2. Nf3 d6 3. d4 d5 4. exd5 Qxd5 5. Nxe5 Nc6 6. Qe2 Be6 7. c3 O-O-O 8.
Na3 a6 9. Bf4 f6 10. Nxc6 Qxc6 11. Qe3 Ne7 12. Bd3 Nd5 13. Qe4 g5 14. Bd2 Re8
15. c4 f5 16. Qf3 g4 17. Qg3 f4 18. Bxf4 Nxf4 19. Qxf4 Bxc4+ 20. Kd2 Bb4+ 21.
Kc2 Bxd3+ 22. Kb3 Bxa3 23. Kxa3 Qb5 24. Qxg4+ Kb8 25. Rad1 Re4 26. Qg7 c5 27.
Qxh8+ Ka7 28. b3 Qa5+ 29. Kb2 Re2+ 30. Ka1 Qxa2# 0-1

[Event "AUTO-INT-1517"]
[Site "http://www.queenalice.com/game.php?id=683528"]
[Date "2009.11.15"]
[Round "1"]
[White "PedroAntonio"]
[Black "RodriguesL"]
[Result "1-0"]
[WhiteElo "1457"]
[BlackElo "1338"]

1. e4 e5 2. d3 d6 3. Nf3 Nc6 4. c4 Nf6 5. Be3 Be7 6. Nc3 O-O 7. g3 Be6 8. Qd2
Qc8 9. Ng5 Bd7 10. Nd5 Nxd5 11. cxd5 Nd4 12. Bg2 Bg4 13. Bxd4 c5 14. Rc1 b5 15.
Be3 b4 16. b3 a5 17. h3 Bh5 18. g4 Bg6 19. h4 Qxg4 20. f3 Qd7 21. h5 Bxh5 22.
Rxh5 Bxg5 23. Bxg5 1-0

[Event "AUTO-INT-1517"]
[Site "http://www.queenalice.com/game.php?id=683529"]
[Date "2009.11.15"]
[Round "1"]
[White "RodriguesL"]
[Black "PedroAntonio"]
[Result "0-1"]
[WhiteElo "1350"]
[BlackElo "1445"]

1. e4 e5 2. Nf3 Nc6 3. d3 Nf6 4. Nc3 d6 5. Be2 g6 6. O-O Bg7 7. Bg5 O-O 8. Nd5
Be6 9. c4 Ne7 10. b4 c6 11. Nc3 Qc7 12. a4 a5 13. b5 c5 14. Qd2 Ng4 15. Bxe7
Qxe7 16. Nd5 Bxd5 17. cxd5 Bh6 18. Qc3 Bf4 19. d4 exd4 20. Qd3 Ne5 21. Nxe5 Qh4
22. h3 Bxe5 23. Qf3 Qf4 0-1

[Event "Challenge"]
[Site "http://www.queenalice.com/game.php?id=687988"]
[Date "2009.11.24"]
[Round "-"]
[White "FENIX_RJ"]
[Black "PedroAntonio"]
[Result "0-1"]
[WhiteElo "1454"]
[BlackElo "1468"]

1. d4 d5 2. Bf4 Nf6 3. Nc3 e6 4. Nb5 Bd6 5. Qd2 Ne4 6. Qe3 Nc6 7. f3 Bxf4 8.
Qxf4 Nd6 9. Nxd6+ cxd6 10. Nh3 e5 11. Qg5 O-O 12. f4 Nxd4 13. O-O-O Ne6 14. Qg3
d4 15. fxe5 dxe5 16. e3 Qd5 17. Bd3 g6 18. e4 Qd6 19. Rd2 Nf4 20. Nxf4 exf4 21.
e5 Qxe5 22. Re2 Qf6 23. Qh3 Bxh3 24. gxh3 f3 25. Rf2 Qf4+ 26. Kd1 Rfe8 27. Rhf1
Re3 28. Rxf3 Qxh2 29. Rxf7 Rae8 30. Bc4 Kh8 31. Rxb7 Re2 32. Rxa7 Rxc2 33. Bd3
Qd2# 0-1

[Event "AUTO-INT-1573"]
[Site "http://www.queenalice.com/game.php?id=711257"]
[Date "2010.1.9"]
[Round "1"]
[White "PedroAntonio"]
[Black "leandrodaquimica"]
[Result "0-1"]
[WhiteElo "1462"]
[BlackElo "1446"]

1. e4 Nf6 2. Nc3 d5 3. d4 dxe4 4. Nxe4 Nxe4 5. Be3 e6 6. Bd3 Qd5 7. c4 Bb4+ 8.
Kf1 Qf5 9. f3 Nd2+ 10. Bxd2 Qxd3+ 11. Ne2 Bxd2 12. Kf2 Nc6 13. Qa4 O-O 14. g4
Nxd4 15. Qd1 Qxf3+ 16. Kg1 Be3# 0-1

[Event "AUTO-INT-1573"]
[Site "http://www.queenalice.com/game.php?id=711258"]
[Date "2010.1.9"]
[Round "1"]
[White "leandrodaquimica"]
[Black "PedroAntonio"]
[Result "1-0"]
[WhiteElo "1523"]
[BlackElo "1470"]

1. e4 e5 2. Nf3 Nc6 3. Bb5 a6 4. d4 axb5 5. dxe5 f6 6. exf6 gxf6 7. Nd4 Nxd4 8.
Qxd4 c5 9. Qd5 d6 10. Nc3 Ne7 11. Qh5+ Ng6 12. f4 f5 13. exf5 Bxf5 14. Qxf5 Qe7+
15. Ne4 Nh4 16. Qf6 Ng6 17. O-O O-O-O 18. f5 Qxe4 19. fxg6 Qxg6 20. Qxh8 Bg7 21.
Qxd8+ Kxd8 22. Bf4 d5 23. Bd2 1-0

[Event "AUTO-INT-1573"]
[Site "http://www.queenalice.com/game.php?id=711259"]
[Date "2010.1.9"]
[Round "1"]
[White "PedroAntonio"]
[Black "MC"]
[Result "0-1"]
[WhiteElo "1424"]
[BlackElo "1702"]

1. d4 b5 2. e4 d5 3. f3 e6 4. Bxb5+ Bd7 5. Nc3 Bb4 6. Bd2 Bxc3 7. Bxc3 Bxb5 8.
b3 Nc6 9. a4 Ba6 10. Ne2 Bxe2 11. Qxe2 h5 12. h4 Qf6 13. Qb5 Ne7 14. Qb7 Kd7 15.
b4 Rab8 16. Qa6 Nxd4 17. Qd3 e5 18. O-O Qxh4 19. Bxd4 exd4 20. Qxd4 Rb6 21. a5
Rf6 22. c4 g5 23. Qxf6 Rg8 24. Qxf7 g4 25. cxd5 g3 26. Qe6+ Kd8 27. Rfc1 Qh2+
28. Kf1 Qh1+ 0-1

[Event "AUTO-INT-1573"]
[Site "http://www.queenalice.com/game.php?id=711260"]
[Date "2010.1.9"]
[Round "1"]
[White "MC"]
[Black "PedroAntonio"]
[Result "1-0"]
[WhiteElo "1747"]
[BlackElo "1483"]

1. e4 e5 2. Nf3 Nc6 3. d3 Nf6 4. Bg5 h6 5. Bh4 g5 6. Bg3 d6 7. c3 Bg7 8. a4 O-O
9. h4 g4 10. Nfd2 b6 11. Na3 h5 12. f3 Be6 13. fxg4 Nxg4 14. d4 exd4 15. cxd4
Nxd4 16. Nf3 c5 17. Nxd4 Ne3 18. Qxh5 Bg4 19. Qg5 Qxg5 20. hxg5 Bxd4 21. Nc4
Nc2+ 22. Kd2 Nxa1 23. Nxd6 Be6 24. Bc4 Bxc4 25. Nxc4 Rad8 26. Kc1 1-0

[Event "AUTO-INT-1573"]
[Site "http://www.queenalice.com/game.php?id=711261"]
[Date "2010.1.9"]
[Round "1"]
[White "PedroAntonio"]
[Black "ciceroeduardo"]
[Result "0-1"]
[WhiteElo "1469"]
[BlackElo "1696"]

1. d4 d5 2. Nf3 Nf6 3. e3 Nc6 4. c4 Bf5 5. b3 e6 6. Bd2 Be7 7. Nc3 O-O 8. Ne5
Nxe5 9. dxe5 Ne8 10. f4 a6 11. g4 Bh4+ 12. Ke2 Bxg4+ 13. Kd3 Bxd1 14. Rxd1 dxc4+
15. Kxc4 b5+ 16. Nxb5 Qd5+ 17. Kc3 Qxh1 18. Bd3 Qxd1 19. Nd4 Qa1+ 0-1

[Event "AUTO-INT-1573"]
[Site "http://www.queenalice.com/game.php?id=711262"]
[Date "2010.1.9"]
[Round "1"]
[White "ciceroeduardo"]
[Black "PedroAntonio"]
[Result "1-0"]
[WhiteElo "1683"]
[BlackElo "1478"]

1. e4 e5 2. Nf3 Nc6 3. Bc4 d6 4. O-O Be6 5. Bxe6 fxe6 6. Nc3 d5 7. d3 Nf6 8. Bg5
h6 9. Bxf6 gxf6 10. a3 d4 11. Ne2 f5 12. c3 fxe4 13. dxe4 Bg7 14. b4 b5 15. a4
a6 16. a5 Qf6 17. cxd4 exd4 18. Rc1 e5 19. Qb3 Rd8 20. Ng3 d3 21. Rcd1 Nd4 22.
Nxd4 Rxd4 23. Nh5 Qg5 24. Qe6+ Qe7 25. Nxg7+ Kd8 26. Qg6 Qg5 27. Ne6+ Kd7 28.
Nxg5 hxg5 29. Qg7+ 1-0

[Event "AUTO-INT-3041"]
[Site "http://www.queenalice.com/game.php?id=1378621"]
[Date "2015.8.19"]
[Round "1"]
[White "renet54"]
[Black "PedroAntonio"]
[Result "1-0"]
[WhiteElo "1524"]
[BlackElo "1452"]

1. d4 d5 2. Nf3 Nf6 3. c4 e6 4. a3 dxc4 5. Nc3 Bd6 6. e3 O-O 7. Bxc4 Nc6 8. O-O
Qe7 9. Bd3 e5 10. d5 Na5 11. Re1 e4 12. Nxe4 1-0

[Event "AUTO-INT-3041"]
[Site "http://www.queenalice.com/game.php?id=1378622"]
[Date "2015.8.19"]
[Round "1"]
[White "PedroAntonio"]
[Black "renet54"]
[Result "0-1"]
[WhiteElo "1439"]
[BlackElo "1537"]

1. e4 d5 2. d3 h6 3. Nf3 Bg4 4. Be2 dxe4 5. dxe4 Nd7 6. O-O e5 7. Nc3 Ngf6 8.
Nxe5 Bxe2 9. Qxe2 Nxe5 10. Rd1 Qe7 0-1

[Event "AUTO-INT-3041"]
[Site "http://www.queenalice.com/game.php?id=1378640"]
[Date "2015.8.19"]
[Round "1"]
[White "PedroAntonio"]
[Black "krystian"]
[Result "0-1"]
[WhiteElo "1475"]
[BlackElo "1585"]

1. e4 c6 2. e5 d5 3. d4 e6 4. Nf3 Nd7 5. Bd3 Qc7 6. O-O c5 7. c4 cxd4 8. Bf4
dxc4 9. Bxc4 Qxc4 10. Nxd4 Bc5 0-1